LEADER 01035nam a2200241 i 4500 001 991000180099707536 005 20020509163158.0 008 980925s1994 de ||| | ger 035 $ab11322111-39ule_inst 035 $aPARLA203482$9ExL 040 $aDip.to Filosofia$bita 100 1 $aKoch, Carl$0182819 245 10$aSchriften der letzten Leipziger und ersten Basler Zeit 1868-1869 :$bdie Vorlesungsniederschriften mit Zusatzen und Erganzungen aus den Jahren 1874-1875 und 1878-1879 /$chrsg. von Carl Koch und Karl Schlechta 260 $aMunchen :$bBeck,$c1994 300 $a525 p. ;$c22 cm. 490 0 $aFruhe Schriften ;$v5 700 1 $aSchlechta, Karl 907 $a.b11322111$b01-03-17$c01-07-02 912 $a991000180099707536 945 $aLE005 193 NIE01. 05. v. 5$cv. 5$g1$i2005000025938$lle005$o-$pE0.00$q-$rl$s- $t0$u0$v0$w0$x0$y.i11493148$z01-07-02 996 $aSchriften der letzten Leipziger und ersten Basler Zeit 1868-1869$9824168 997 $aUNISALENTO 998 $ale005$b01-01-98$cm$da $e-$fger$gde $h0$i1 LEADER 01153nam a22002411i 4500 001 991000073719707536 005 20040720142945.0 008 040802s1990 gw |||||||||||||||||ger 035 $ab13174009-39ule_inst 035 $aARCHE-112661$9ExL 040 $aBiblioteca Interfacoltà$bita$cA.t.i. Arché s.c.r.l. Pandora Sicilia s.r.l. 082 04$a830.9 100 1 $aPörksen, Uwe$0452577 245 10$aIst die Sprache ein selbständiger Faktor der Wissenschaftsgeschichte? :$büber die Anstössigkeit unerwarteter Sprache /$cvon Uwe Pörksen 260 $aMainz :$bAkademie der Wissenschaften der Literatur ;$aStuttgart :$bFranz Steiner,$cc1990 300 $a19 p. ;$c24 cm 440 0$aAbhandlungen der Klasse der Literatur / Akademie der Wissenschaften und der Literatur 907 $a.b13174009$b02-04-14$c05-08-04 912 $a991000073719707536 945 $aLE002 D Ann. 913/002 (1990)$g1$i2002000377517$lle002$nC. 1$o-$pE0.00$q-$rl$so $t0$u0$v0$w0$x0$y.i13814291$z05-08-04 996 $aIst die Sprache ein selbständiger Faktor der Wissenschaftsgeschichte?$9312914 997 $aUNISALENTO 998 $ale002$b05-08-04$cm$da $e-$fger$ggw $h0$i1